000 00581nmc a2200229 a 4500
003 AR-X00000XY
005 20251128211904.0
008 247020s2005 ||||||||||||||000 | spa||
020 _a950-581-252-3
040 _cAR-X00000XY
245 1 0 _aEl mono carayĆ” y su hermanito
260 _aBuenos Aires
_bColihue
_c2005
300 0 _a[15] p.
_bil.
490 0 _aCuentos naturales
650 4 _aLITERATURA INFANTIL
650 4 _aCUENTO INFANTIL
650 4 _aCUENTOS DE ANIMALES
655 _aLITERATURA
700 0 _aChanti
_eeditor
942 _cBK
998 _cna-calidad
999 _c21488
_d21488